Fr. Conceicao Rodrigues College of Engineering

Direct and alternating current machinery (Record no. 32528)

MARC details
000 -LEADER
fixed length control field 00371nam a2200145Ia 4500
082 ## - DEWEY DECIMAL CLASSIFICATION NUMBER
Classification number 621.313
100 ## - MAIN ENTRY--PERSONAL NAME
Personal name rosenblatt/ j./ Aggarwal/ D.k.
245 ## - TITLE STATEMENT
Title Direct and alternating current machinery
260 ## - PUBLICATION, DISTRIBUTION, ETC.
Name of publisher, distributor, etc. Tata Mc Graw hill
Place of publication, distribution, etc. New Delhi
Date of publication, distribution, etc. 1980
300 ## - PHYSICAL DESCRIPTION
Extent 420
546 ## - LANGUAGE NOTE
Language note ENGLISH
650 ## - SUBJECT ADDED ENTRY--TOPICAL TERM
Topical term or geographic name entry element Electrical Engineering
654 ## - SUBJECT ADDED ENTRY--FACETED TOPICAL TERMS
Focus term current machinery
942 ## - ADDED ENTRY ELEMENTS (KOHA)
Koha item type BOOK
Holdings
Withdrawn status Lost status Damaged status Not for loan Collection Home library Current library Shelving location Date acquired Source of acquisition Cost, normal purchase price Inventory number Total Checkouts Full call number Barcode Date last seen Cost, replacement price Price effective from Koha item type
        AFT Fr. Agnel's C.Rodrigues College of Engineering Fr. Agnel's C.Rodrigues College of Engineering   17/03/2023 BOOK UNLIMITED 36.00 4044   621.313 AFT2994 17/03/2023 36.00 17/03/2023 BOOK